00793nam a2200217 4500003000800000005001700008008004100025020001500066040002300081041000800104082002800112100001900140245009200159260005600251300002000307490008200327504002400409600004500433650004300478650005400521MIRAKIL20201112160248.0201112b tu ||||| |||| 00| 0 tur d a975170104x aTR-AnCHPcTR-AnCHP atur aATA 330.9561bT86a 1987 aTural, M. Akif10aAtatürk devrinde iktisadi yapılaşma ve Celâl Bayar (1920-1938) /cM. Akif Tural. aAnkara:bKültür ve Turizm Bakanlığı,c1987. a210 s.:c20 sm.0 aKültür ve Turizm Bakanlığı Yayınları;aAtatürk Dizisi;v848.v25. aKaynakça vardır.14aAtatürk, Gazi Mustafa Kemald1881-1938 0aEkonomixAtatürk DönemizTürkiye 0aEkonomik kalkınmaxAtatürk DönemizTürkiye